| 000 | 00000nam##2200000za#4500 |
| 001 | 9.568198 |
| 003 | CaOODSP |
| 005 | 20240215150447 |
| 007 | cr ||||||||||| |
| 008 | 150406|1992||||xxc|||||o f|0| 0 eng|d |
| 040 | |aCaOODSP|beng |
| 043 | |an-cn--- |
| 086 | 1 |aPS83-3/21E-PDF |
| 110 | 2 |aCorrectional Service Canada. |
| 245 | 10|aStaff commitment in the Correctional Service of Canada / |h[electronic resource]|cprepared by David Robinson, Frank J. Porporino and Linda Simourd. |
| 260 | |bCorrectional Service Canada |cFebruary 1992. |
| 300 | |a29p.|bgraphs, tables |
| 490 | 1 |aResearch report|vR-21 |
| 590 | |a10-09-Supp|b2010-11-02 |
| 720 | 1 |aRobinson, David |
| 720 | 1 |aPorporino, Frank J. |
| 720 | 1 |aSimourd, Linda |
| 775 | 08|tEngagement du personnel face au Service Correctionnel du Canada / |w(CaOODSP)9.599489 |
| 830 | #0|aResearch report (Correctional Service Canada. Research Branch)|vR-21|w(CaOODSP)9.506063 |
| 856 | 40|ahttp://publications.gc.ca|qPDF|s136 KB|uhttps://publications.gc.ca/collections/collection_2010/scc-csc/PS83-3-21-eng.pdf|yR-21 |